Zmena ideologického profilu a štruktúry elektorátu politickej strany Alternatíva pre Nemecko

Príslušnosť politických strán k straníckym rodinám. Ideologický profil politickej strany Alternatíva pre Nemecko - AfD. Vznik AfD a jej počiatočná ideologická profilácia. Rozkol v strane a jej radikalizácia. Štruktúra elektorátu AfD.

Gespeichert in:
Bibliographische Detailangaben
1. Verfasser: Dudášová, Marianna
Format: Buchkapitel
Sprache:Slowakisch
Schlagworte:
Tags: Tag hinzufügen
Keine Tags, Fügen Sie das erste Tag hinzu!

MARC

LEADER 00000nla a2200000 4500
001 0241479
005 20240502073930.9
041 0 |a slo 
044 |a SK 
245 1 0 |a Zmena ideologického profilu a štruktúry elektorátu politickej strany Alternatíva pre Nemecko  |c Marianna Dudášová 
520 |a Príslušnosť politických strán k straníckym rodinám. Ideologický profil politickej strany Alternatíva pre Nemecko - AfD. Vznik AfD a jej počiatočná ideologická profilácia. Rozkol v strane a jej radikalizácia. Štruktúra elektorátu AfD. 
610 2 0 |a strany politické 
610 2 0 |a politika 
610 2 0 |a politológia 
610 2 0 |a voľby 
610 2 0 |a ideológia 
610 2 0 |a Nemecko 
100 1 |a Dudášová, Marianna